01437 2200289 4500001002100000005001500021035002000036008004100056020001800097041000800115082001100123084001700134100001600151245006100167250001000228260003600238300003200274504001700306520065700323650001700980990002500997990002501022990002501047990002501072990002501097990002501122INLIS00000000000719720221104125045 a0010-0520007197221104 | | ind  a9789790070660 aind a345.05 a345.05 AND p0 aAndi Hamzah1 aPerbandingan hukum pidana beberapa negara /cAndi Hamzah aEd. 3 aJakarta :bSinar Grafika,c2008 aviii, 150p.; 21 cm ;c21 cm ap. 149 - 150 aPerbandingan hukum (rechtvergelijking) adalh suatu kegiatan membandingkan sistem hukum yang satu dengan sistem hukum yang satu dengan sistem hukum yang lain ataupun membandingkan lembaga hukum (legal institution) dari suatu sistem hukum yang lain. Dengan perbandingan hukum itu akan ditemukan unsur-unsur persamaan (similaritas) dan unsur-unsur lembaga atau sistem itu. Perbandingan hukum pidana (comparative criminal law), yaitu dengan membandingakn sistem dan ketentuan pidana di berbagai negara dapat meningkatkan kualitas dan pengembangan ilmu hukum pidana secara praktis dalam bidang legislatif dan yudikatif menjaga harmonisasi hukum antarnegara. 4aHukum pidana a13542/MKRI-P/XI-2009 a13543/MKRI-P/XI-2009 a13541/MKRI-P/XI-2009 a13543/MKRI-P/XI-2009 a13542/MKRI-P/XI-2009 a13541/MKRI-P/XI-2009